000 01257nam a2200301 c 4500
003 BLK
005 20240625153313.0
008 180408b bul|||||r ||||||| ||bul||
010 _aKNG00055150000
040 _aBLK
041 _aBUL
_cBUL
080 _aБългарска литература
_b821.163.2
_x-32
_z821.163.2-32
100 1 _aВазов, Иван Минчов
_eпърви автор
_9363396
700 1 _aЯнков, Николай
_eпод ред. на
_9364665
700 1 _aКонстантинова, Божанка
_eпод ред. на
_9367779
139 _aВазов, Иван Минчов
_bВ 15
245 1 0 _aОтечество любезно, как хубаво си ти
_bРазкази и пътеписи
_cИван Минчов Вазов; под ред. на Николай Янков; под ред. на Божанка Константинова.
257 _aBGR
260 София
_bОтечество
_c1976
300 _a232 с., 1 л. портр.
_c25 см
380 _aDX
852 _aЦб 122636
856 4 _qpdf
_u
856 4 _qpdf
_u
942 _cKNG
_n0
_07
944 _aCR
_c26.08.2005
_k30576
_lЦветомила Тодорова
944 _aED
_c14.09.2017
_kНаталия_Любомирова
999 _c51248
_d51248